Nízka cena práce a vysokej kvalifikovanosti
Prevládajúce nevýhody slovenského poľnohospodárstva v porovnaní s krajinami Európskej únie. Výhody len v cene práce, vo vekovej a kvalifikačnej štruktúre a v územnej koncentrácii podnikov. Dočasná výhodnosť nízkej ceny práce a lepšej vekovej štruktúry.
Gespeichert in:
| 1. Verfasser: | |
|---|---|
| Format: | Buchkapitel |
| Sprache: | Slowakisch |
| Schlagworte: | |
| Tags: |
Keine Tags, Fügen Sie das erste Tag hinzu!
|
MARC
| LEADER | 00000naa a2200000 4500 | ||
|---|---|---|---|
| 001 | r019912 | ||
| 005 | 20230801103524.1 | ||
| 041 | 0 | |a slo | |
| 044 | |a SK | ||
| 245 | 1 | 0 | |a Nízka cena práce a vysokej kvalifikovanosti |c Stanislav Buchta |
| 520 | |a Prevládajúce nevýhody slovenského poľnohospodárstva v porovnaní s krajinami Európskej únie. Výhody len v cene práce, vo vekovej a kvalifikačnej štruktúre a v územnej koncentrácii podnikov. Dočasná výhodnosť nízkej ceny práce a lepšej vekovej štruktúry. | ||
| 610 | 2 | 0 | |a Slovensko |
| 610 | 2 | 0 | |a Európska únia |
| 610 | 2 | 0 | |a 1989-1996 |
| 610 | 2 | 0 | |a poľnohospodárstvo |
| 610 | 2 | 0 | |a sily pracovné |
| 610 | 2 | 0 | |a kvalifikácia |
| 100 | 1 | |a Buchta, Stanislav | |